Folk tales of Nepal. (Record no. 85185)

MARC details
000 -LEADER
fixed length control field 00334nam a2200133Ia 4500
008 - FIXED-LENGTH DATA ELEMENTS--GENERAL INFORMATION
fixed length control field 210210b1979 xxu||||| |||| 00| 0 eng d
082 ## - DEWEY DECIMAL CLASSIFICATION NUMBER
Classification number 823.914 FOLK
100 ## - MAIN ENTRY--PERSONAL NAME
Personal name FOLK TALES.
245 ## - TITLE STATEMENT
Title Folk tales of Nepal.
260 ## - PUBLICATION, DISTRIBUTION, ETC.
Place of publication, distribution, etc. N D
Name of publisher, distributor, etc. Sterling Publishers Pvt Ltd.,
Date of publication, distribution, etc. 1979
300 ## - PHYSICAL DESCRIPTION
Extent 110
690 ## - LOCAL SUBJECT ADDED ENTRY--TOPICAL TERM (OCLC, RLIN)
Topical term or geographic name as entry element English Fiction
906 ## - LOCAL DATA ELEMENT F, LDF (RLIN)
a 034763
Holdings
Withdrawn status Lost status Source of classification or shelving scheme Damaged status Not for loan Collection code Home library Current library Shelving location Date acquired Cost, normal purchase price Total Checkouts Full call number Barcode Date last seen Price effective from Koha item type
    Dewey Decimal Classification     English St Aloysius Library St Aloysius Library Secondary stack section 02/17/2021 15.00   823.914 FOLK 034763 02/17/2021 02/17/2021 Book